| 000 | 00000nam 2200000za 4500 |
| 001 | 9.829064 |
| 003 | CaOODSP |
| 005 | 20221107145209 |
| 007 | cr ||||||||||| |
| 008 | 170130s2016 onc o f000 0 eng d |
| 020 | |a978-0-660-07050-6 |
| 040 | |aCaOODSP|beng |
| 043 | |an-cn--- |
| 086 | 1 |aH164-200/2016E-PDF |
| 245 | 00|aNutrition labelling - directory of nutrition facts table formats |h[electronic resource]. |
| 260 | |aOttawa : |bHealth Canada, |c2016. |
| 500 | |aIssued also in French under title: Étiquetage nutritionnel – répertoire des modèles detableaux de la valeur nutritive. |
| 500 | |aCover title. |
| 692 | 07|2gccst|aFood labelling |
| 710 | 1 |aCanada. |bHealth Canada. |
| 775 | 08|tÉtiquetage nutritionnel – répertoire des modèles de tableaux de la valeur nutritive |w(CaOODSP)9.829065 |
| 856 | 40|qPDF|s814 KB|uhttps://publications.gc.ca/collections/collection_2017/sc-hc/H164-200-2016-eng.pdf |
| 986 | |a160262 |